000 00561nam a2200205Ia 4500
005 20250326145619.0
008 250326s9999 xx 000 0 und d
037 _aTextbook
040 _aFMSL
_beng
_cFMSL
041 _aeng
_2eng
084 _aX:8 Q7
_qFMSL
100 _aGoffin K
_9751489
245 0 _aInnovation management effective strategy implementation
_cGoffin K; Mitchell R
250 _a3
260 _aNY
_bNY, Palgrave
_c2017
365 _aEURO
_b59.99
650 _aManagement
942 _cTB
_hX:8 Q7
999 _c1308180
_d1308180